Central Library OPAC University of Rajshahi

Modernization of working women in developing societies / (Record no. 35136)

MARC details
000 -LEADER
fixed length control field 00863nam a2200265 i 4500
001 - CONTROL NUMBER
control field 35136
003 - CONTROL NUMBER IDENTIFIER
rucl marc code BD-RjUL
005 - DATE AND TIME OF LATEST TRANSACTION
control field 20211209052251.0
008 - FIXED-LENGTH DATA ELEMENTS--GENERAL INFORMATION
fixed length control field 140521s1976 ii b 001 0 eng
035 ## - SYSTEM CONTROL NUMBER
System control number (BD-RjUL)35230
040 ## - CATALOGING SOURCE
Original cataloging agency DLC
Transcribing agency DLC
Modifying agency DLC
-- BD-RjUL
Language of cataloging eng
041 ## - LANGUAGE CODE
Language code of text/sound track or separate title eng
082 00 - DEWEY DECIMAL CLASSIFICATION NUMBER
Classification number 331.40954
Author mark and year SEM 1976
100 1# - MAIN ENTRY--PERSONAL NAME
Personal name Sethi, Raj Mohini,
Dates associated with a name 1940-
9 (RLIN) 106998
245 10 - TITLE STATEMENT
Title Modernization of working women in developing societies /
Statement of responsibility, etc. Raj Mohini Sethi.
260 ## - PUBLICATION, DISTRIBUTION, ETC. (IMPRINT)
Place of publication, distribution, etc. New Delhi :
Name of publisher, distributor, etc. National Pub. House,
Date of publication, distribution, etc. c1976.
300 ## - PHYSICAL DESCRIPTION
Pagination vi, 168 p. ;
Size 22 cm.
500 ## - GENERAL NOTE
General note Originally presented as the author's thesis, Panjab University.
504 ## - BIBLIOGRAPHY, ETC. NOTE
Bibliography, etc Bibliography: p. [153]-164 and index.
650 #0 - SUBJECT ADDED ENTRY--TOPICAL TERM
Topical term or geographic name as entry element Women
General subdivision Employment
Geographic subdivision India.
9 (RLIN) 106999
Topical term or geographic name as entry element Women
General subdivision Employment
Geographic subdivision Turkey.
9 (RLIN) 107000
942 ## - ADDED ENTRY ELEMENTS (KOHA)
Source of classification or shelving scheme Dewey Decimal Classification
Koha item type Books
Holdings
Lost status Source of classification or shelving scheme Damaged status Not for loan Collection code Permanent Location Current Location Shelving location Date acquired Source of acquisition Cost, normal purchase price Total Checkouts Full call number Date last seen Copy number Koha item type
  Dewey Decimal Classification   Not For Loan Non-fiction Central Library, University of Rajshahi Central Library, University of Rajshahi Rare Book Section 27/09/1978 Indian int. cal. 35.00   331.40954 SEM 1976 21/05/2014 C-1 Books